000 00481nam a2200157Ia 4500
005 20260121165314.0
008 260121s9999 xx 000 0 und d
041 _amar
082 _a294.5
100 _aजेवणे, दीपक
245 _aसंतांचे समरसता सूत्रे
250 _a1
260 _bभारतीय विचार साधना पुणे
_c2017
300 _a120
650 _aमराठी साहित्य
999 _c370016
_d370016